000 01679nam0a2200349 4500
001 RU\NLR\bibl\1824376
005 20250616162045.0
021 _aRU
_b2011-73709
_95240
035 _a(nilc)RSL-KNO-005029044
035 _a(NLR Aleph) 001814909
090 _a1924119
_c1924119
100 _a20110926d2010 |||y0rusy50 ca
101 0 _arus
102 _aRU
105 _aa zzzz|||||
200 1 _aСовременная стратегия непрерывного мультилингвального образования
_eаналитические материалы
_fН. А. Горлова
_gДепартамент образования г. Москвы, Гос. образовательное учреждение высш. проф. образования "Московский гор. пед. ун-т" (ГОУ ВПО МГПУ)
210 _aМосква
_cМГПУ
_d2010
215 _a59 с.
_cил., табл.
_d21
300 _aНа обороте тит. л. авт.: д.п.н., проф. Н.А. Горлова
606 1 _aИностранные языки
_xПреподавание
_xНачальная школа
_92166416
_3RU\NLR\auth\661303474
606 1 _aЭкспериментальные школы
_yМосква, город
_92334235
_3RU\NLR\auth\661395657
686 _aЧ426.11(2)-221,0
_2rubbk
686 _aЧ426.17,01
686 _aЧ30е(2)л1-Москва
700 1 _aГорлова
_bН. А.
_gНаталья Алексеевна
_4070
801 0 _aRU
_bRuMoRKP
_c20110926
_grcr
801 1 _aRU
_bRuMoRGB
_c20110926
801 2 _aRU
_bNLR
_c20111021
_grcr
830 _aавт. по кн.
942 _cBOOK
980 _aNB